El español cañero Juan Viñense. Estudio léxico-gráfico

Guardado en:
Bibliografiske detaljer
Hovedforfatter: Quesada Vargas, Ma. de los Angeles
Format: Bog
Sprog:Undetermined
Udgivet: San José, Costa Rica Escuela de Filología, Lingüística y Literatura,Universidad de Costa Rica 1990
Fag:
Tags: Tilføj Tag
Ingen Tags, Vær først til at tagge denne postø!

MARC

LEADER 00000nam a2200000Ia 4500
008 170316s9999 xx 000 0 und d
040 |a cru BVZT 
090 |a TESIS 425 
100 |a Quesada Vargas, Ma. de los Angeles 
245 |a El español cañero Juan Viñense. Estudio léxico-gráfico 
260 |a San José, Costa Rica 
260 |b Escuela de Filología, Lingüística y Literatura,Universidad de Costa Rica 
260 |c 1990 
300 |a 197 páginas 
650 |a LICENCIATURA EN FILOLOGÍA ESPAÑOLA 
650 |a TRABAJO FINAL DE GRADUACIÓN 
999 |c 14064  |d 14064 
942 |c TFG  |h TESIS 425  |2 z